Quizzes
Events
Quiz Creation
Community
Videos
Private Events
Remove Ads
Sign In
Join for FREE
Feedback
Dark Mode
Quiz Categories
Sports
Geography
Music
Movies
Television
Just For Fun
Miscellaneous
History
Literature
Language
Science
Gaming
Entertainment
Religion
Holiday
For Kids
Quiz Lab
Recent
Popular Today
Quiz Kudos Today
Editor Picks
Curator Picks
Quizzes by...
Day
Popularity
Type
Ratings
Length
Year
Community
Subscriptions
Recent Discussions
Orange Saloon
Badges
Playlists
Quests
Create
Leaderboards
Showdown
Live 5
Trivia Bingo
Activity
Puzzle Library
Sporcle Events
Private Events
Virtual Trivia
Globe League
Become a Host
Pub Owners
SporcleCon
Opinionation
Our Games
Videos
Blog
Mobile Apps
Partnerships
Remove Ads and Go Orange
Feedback
Music
Pop Music
The Beatles
Song
Album
Lyrics
Bands
Singers
Artist
Clip
Rock
Rap
Classical
Billboard
Country Music
Kpop
Taylor Swift
Music
Pop Music
The Beatles
Song
Album
Lyrics
Bands
Singers
Artist
Clip
Rock
Rap
Classical
Billboard
Country Music
Kpop
Taylor Swift
Random Quiz
Search Sporcle
×
Quiz Lab
Quiz Lab
Music
Artist
Type in answers that appear in a list
Type in answers that appear in a list
Classic
Best Score? Go Orange.
90's Song and Artist by Clip Stats
Can you name the 90's Song and Artist by Clip?
By
T_thr33
16m
62 Questions
783 Plays
783 Plays
783 Plays
Comments
Comments
Give Quiz Kudos
Give Quiz Kudos
-
- Ratings
hide this ad
More Info
Replay
Link that replays current quiz
Next Quiz
Link to next quiz in quiz playlist
You Got
0%
They Got
Avg Score
42%
Avg Friend Score
Upgrade to see
Score Distribution
Jump to the score distribution portion of the page
Score
0/62
Timer
16:00
0
Plays Today
Time
Song/Artist
% Correct
7:02-
7:15
Nirvana
83%
2:02-
2:12
U2
80.4%
0:21-
0:37
Counting Crows
76.5%
1:48-
2:01
Smashing Pumpkins
76.5%
5:15-
5:32
Smashing Pumpkins
76.5%
2:02-
2:12
Mysterious Ways
74.3%
6:17-
6:33
Pearl Jam
73.8%
3:34-
3:45
Tubthumping
72.5%
4:46-
4:59
Blink-182
70.3%
0:54-
1:04
Peaches
68.5%
0:54-
1:04
The Presidents of the United States of America
66.4%
4:04-
4:17
Foo Fighters
63.7%
7:02-
7:15
Heart-Shaped Box
63.6%
0:21-
0:37
Round Here
63.3%
6:02-
6:16
Oasis
62.4%
3:34-
3:45
Chumbawamba
61%
2:13-
2:24
Radiohead
59.6%
2:40-
2:52
Everclear
56.5%
5:00-
5:14
Everclear
56.5%
0:00-
0:09
Stone Temple Pilots
52.9%
4:18-
4:29
Blues Traveler
52.7%
0:38-
0:53
If You Could Only See
50.5%
6:49-
7:01
Weezer
49.5%
2:13-
2:24
High and Dry
49%
3:08-
3:21
Bush
48.2%
2:25-
2:39
Roll to Me
45.4%
4:30-
4:45
Incubus
45.1%
5:33-
5:45
311
42.7%
6:34-
6:48
All for You
42.6%
0:38-
0:53
Tonic
42.1%
1:35-
1:47
The Black Crowes
41.4%
Time
Song/Artist
% Correct
1:35-
1:47
She Talks to Angels
40.9%
4:46-
4:59
Dammit
40.3%
1:48-
2:01
Zero
38.6%
5:00-
5:14
I Will Buy You a New Life
38.6%
0:10-
0:20
Beck
38.4%
2:25-
2:39
Del Amitri
38.2%
2:40-
2:52
Father of Mine
37.7%
4:04-
4:17
Big Me
37.3%
5:33-
5:45
All Mixed Up
37.1%
6:17-
6:33
Yellow Ledbetter
33.9%
6:34-
6:48
Sister Hazel
31.3%
0:00-
0:09
Trippin' on a Hole in a Paper Heart
29%
4:30-
4:45
Stellar
27.1%
2:53-
3:07
Collective Soul
24.2%
6:49-
7:01
El Scorcho
21.9%
3:22-
3:33
Candlebox
21.4%
4:18-
4:29
But Anyway
20.6%
6:02-
6:16
Morning Glory
20.3%
1:17-
1:34
Silverchair
19.1%
5:46-
6:01
Toad the Wet Sprocket
18.3%
1:05-
1:16
Screaming Trees
17.6%
3:22-
3:33
You
17.5%
1:05-
1:16
Nearly Lost You
16.2%
5:46-
6:01
Something's Always Wrong
11%
0:10-
0:20
Jack-Ass
10.7%
3:46-
4:03
Soul Coughing
10.1%
2:53-
3:07
Why, Pt: 2
10%
5:15-
5:32
Drown
9.1%
3:46-
4:03
Super Bon Bon
8.2%
3:08-
3:21
Letting the Cables Sleep
7.8%
1:17-
1:34
Pure Massacre
7.2%
Quiz Playlist
Details
Report
Send in Message
Add To Playlist
More Info:
I didn't create this list just something i found on Youtube. This is part 1 of 6.
Classic:
Type in answers that appear in a list
Quiz Source
Last Updated: Feb 16, 2017
Quiz Scoreboard
CHALLENGE
Sign Up to Join the Scoreboard
Show All
Scores
Hide
Comments
May contain spoilers
Recently Published
Movies - When Are They Set?
by FPL_Elf
Movies
5m
Popular People in 1961
by mucciniale
History
6m
1-10 Letter E Words III
by El_Dandy
Language
2m
More to Explore
Quiz From the Vault
Featured Blog Post
Where Did the Easter Bunny Come From?
hide this ad
You Might Also Like...
Tags
Artist Quiz
Clip Quiz
Song Quiz
Today's Top Quizzes in Music
Browse Music
hide this ad
Today's Top Quizzes in Artist
Browse Artist
Top Contributed Quizzes in Music
1
Taylor Swift All Songs (2024)
2
2010s Album by Cover III
3
One Thing in Common: Music
4
Guess the Artist- 70s Songs
5
Taylor Swift Logic Puzzle
6
Guess the Taylor Swift song (Mystery Song)
7
2010s Album by Cover IV
8
2010s Album by Cover V
9
KPOP LOGIC QUIZ
10
2010s Album by Cover VI
Explore More
Trending Topics
Anime
NBA
Harry Potter
Crossword
Kpop
Marvel
Disney
Puzzle
Country
Song
Soccer
NFL
The Office
Pokémon
WWE
hide this ad
More By:
T_thr33
Quiz
Plays
Rating
Category
Featured
Created
Skyrim Typing challenge
4,117
4.27
Gaming
May 7, 2013
Follow That Line: Animal House
4,036
4.63
Movies
Jul 28, 2012
Follow That Line: Clerks
2,516
4.64
Movies
Mar 19, 2013
Follow That Line: Django Unchained
2,296
4.63
Movies
Apr 30, 2013
X-men Typing Challenge
2,281
4.56
Entertainment
Sep 30, 2013
Go to Creator's Profile
Score Distribution
Quiz Creator Spotlight
T_thr33
Follow
Send a Message
Quizzes Created
-
Created Quiz Play Count
-
More By This Creator
Popular Quizzes Today
1
Find the Countries of Europe - No Outlines Minefield
2
Find the US States - No Outlines Minefield
3
The Countries of the World
4
Popular People in 1961
5
1-10 Letter E Words III
6
US States
7
Find the US States
8
One Thing in Common: World Cities II
More Music Quizzes
10 to 1: Grunge
Quiz Lab
Trending Quizzes
Risky Map Clicking: Least Populous States A-Z
Humor Books: The Subtitles
1-10 Letter F Words
1-10 Letter G Words
One Thing in Common: United Kingdom
Recently Updated
Leaping Animals
pecheneg
Reality TV Shows (A-Z)
bhenderson79
Rickey Henderson's Hall of Fame Teammates
pecheneg
Champions League XIs: Arsenal
pecheneg
Quick Pick: Celebrities in WWE's Hall of Fame
aduchscher
A-Z Keypad Blitz II
pecheneg
Multiple Oscar Actors
pecheneg
Mystery Phrase Blitz: Oscar 'Best Actors'
pecheneg
F. Scott Fitzgerald Novels
LTH
Pick 3 Villains
ddd62291
Trending Topics
Crossword
Anime
Kpop
Marvel
NBA
Harry Potter
Disney
The Office
Song
Country
NFL
Puzzle
Soccer
WWE
Pokémon
Your Account Isn't Verified!
In order to create a playlist on Sporcle, you need to verify the email address you used during registration. Go to your
Sporcle Settings
to finish the process.
Report this User
Report this user for behavior that violates our
Community Guidelines
.
Details:
Send Report
Go to the Sporcle.com Mobile Site →
Comments